Using the Sunday School to Reach People / (Record no. 5305)
[ view plain ]
| 000 -LEADER | |
|---|---|
| fixed length control field | 00479nam a22001697a 4500 |
| 003 - CONTROL NUMBER IDENTIFIER | |
| control field | GBCCL |
| 005 - DATE AND TIME OF LATEST TRANSACTION | |
| control field | 20241126110538.0 |
| 008 - FIXED-LENGTH DATA ELEMENTS--GENERAL INFORMATION | |
| fixed length control field | 180313b ||||| |||| 00| 0 eng d |
| 040 ## - CATALOGING SOURCE | |
| Transcribing agency | gbc |
| 082 ## - DEWEY DECIMAL CLASSIFICATION NUMBER | |
| Classification number | 268.4 |
| Item number | LIV |
| 100 ## - MAIN ENTRY--PERSONAL NAME | |
| Personal name | Livingstone, Charles R. |
| 9 (RLIN) | 9572 |
| 245 ## - TITLE STATEMENT | |
| Title | Using the Sunday School to Reach People / |
| Statement of responsibility, etc. | Charles R. Livingstone |
| 260 ## - PUBLICATION, DISTRIBUTION, ETC. | |
| Name of publisher, distributor, etc. | Convention Press, |
| Place of publication, distribution, etc. | Nashville: |
| Date of publication, distribution, etc. | 1973 |
| 300 ## - PHYSICAL DESCRIPTION | |
| Extent | 100 p.; |
| Other physical details | ill., |
| Dimensions | 20 cm. |
| 650 ## - SUBJECT ADDED ENTRY--TOPICAL TERM | |
| Topical term or geographic name entry element | Sunday School |
| 9 (RLIN) | 9573 |
| 942 ## - ADDED ENTRY ELEMENTS (KOHA) | |
| Source of classification or shelving scheme | Dewey Decimal Classification |
| Koha item type | Books |
| Withdrawn status | Lost status | Source of classification or shelving scheme | Damaged status | Not for loan | Home library | Current Library | Shelving location | Date acquired | Total checkouts | Full call number | Barcode | Date last seen | Copy number | Price effective from | Koha item type |
|---|---|---|---|---|---|---|---|---|---|---|---|---|---|---|---|
| Dewey Decimal Classification | GRACE BIBLE COLLEGE | GRACE BIBLE COLLEGE | Ministry & Mission | 2018-03-13 | 268.4 LIV | 009510 | 2025-05-01 | c.1 | 2018-03-13 | Books |